| 000 | 00635nam a2200241Ia 4500 | ||
|---|---|---|---|
| 003 | OSt | ||
| 005 | 20221005131418.0 | ||
| 006 | a|||||r|||| 00| 0 | ||
| 007 | ta | ||
| 008 | 221004b |||||||| |||| 00| 0 eng d | ||
| 024 | _a70073 | ||
| 037 | _cTextual | ||
| 040 |
_aCRL _cCRL _beng |
||
| 041 |
_2eng _aeng |
||
| 082 | _aY1y7, J1;1 J1;2 | ||
| 100 |
_aAbrams Mark _9133803 |
||
| 245 | 0 | _aSocial surveys and social action | |
| 260 | _c1951 | ||
| 490 | _aContemporary science books, ed by J. Bronowski | ||
| 650 | _aSOCIOLOGY | ||
| 942 |
_hY1y7, J1;1 J1;2 _cTEXL _2cc |
||
| 999 |
_c1060275 _d1060275 |
||